| 000 | 00680cam a22002172 4500 | ||
|---|---|---|---|
| 001 | 0000012993 | ||
| 005 | 20151217145859.0 | ||
| 008 | 090518s xx 000 0 eng d | ||
| 020 | _a8129700891 : | ||
| 040 |
_aKABU _cKABU |
||
| 100 | 1 |
_aSobell, Mark G. _@0000170053 |
|
| 245 | 1 | 2 |
_aA Practical guide to red hat Linux 8 / _cMark G. Sobell. |
| 250 | _a1st ed. | ||
| 260 |
_aNew Delhi : _bPearson Education, _c2003. |
||
| 300 |
_axlvii, 1565 p. + _e2 CD-ROMs. |
||
| 650 | 0 |
_aLinux (Computer file) _@0000148398 |
|
| 650 | 0 |
_aOperating systems (Computers) _@0000146540 |
|
| 852 | 1 | _9p6270 KES | |
| 908 | _a090518 | ||
| 950 | _@1 | ||
| 999 |
_c3638 _d3638 |
||